Helping doctoral students write : pedagogies for supervision

Αποθηκεύτηκε σε:
Λεπτομέρειες βιβλιογραφικής εγγραφής
Κύριος συγγραφέας: Kamler, Barbara
Άλλοι συγγραφείς: Thomson, Pat 1948-
Μορφή: Βιβλίο
Γλώσσα:English
Δημοσίευση: Abingdon, Oxon ; : New York : Routledge, 2006
Θέματα:
Ετικέτες: Προσθήκη ετικέτας
Δεν υπάρχουν, Καταχωρήστε ετικέτα πρώτοι!

MARC

LEADER 00000nam a2200000 i 4500
001 1/42183
008 070309s2006 eng d
020 |a 0-415-34684-3 
035 |l 10087275 
040 |a GR-MY-UA  |b gre  |e aacr 
041 0 |a eng 
082 0 |a 808.02  |2 (22) 
100 1 |a Kamler, Barbara. 
245 1 0 |a Helping doctoral students write :  |b pedagogies for supervision /  |c Barbara Kamler ; Pat Thomson 
260 |a Abingdon, Oxon ; :   |a New York :   |b Routledge,   |c 2006 
300 |a 173 σ.;  |c 23 εκ. 
504 |a Βιβλιογραφία: σ. 162-170. Ευρετήριο 
650 0 0 |a Dissertations, Academic. 
700 1 |a Thomson, Pat  |d 1948- 
852 |a INST  |b RHODES  |e 20070309  |h 808.02 KAM  |p 005400026872  |q 005400026872  |t BK  |y 0 
901 |a BIBL4-2007-1 
909 |a Ρ  |b 132530 
920 |a ΑΝΑΜΟΡΦΩΣΗ  |b ΕΠΕΑΕΚ ΙΙ - ΤΕΠΑΕΣ  |y ΡΟΔΟΣ  |z 2006-12 
970 |a ΜΙΣΣΟΣ  |b ΣΤΑΥΡΟΣ  |z 2007/03/09